[Event "FBL 1"]
[Site "?"]
[Date "2019.02.10"]
[Round "8.5"]
[White "Korenova, Martina"]
[Black "Tammert, Iamze"]
[Result "0-1"]
[WhiteElo "2174"]
[BlackElo "2280"]
[PlyCount "122"]
[EventDate "2018.10.27"]
[EventType "team-tourn"]
[EventCountry "GER"]
[WhiteTeam "Rodewischer Schachmiezen"]
[BlackTeam "Baden Baden OSG"]
[WhiteTeamCountry "GER"]
[BlackTeamCountry "GER"]

1. d4 Nf6 2. g3 d5 3. Bg2 c5 4. c3 e6 5. Nf3 Nbd7 6. O-O Bd6 7. c4 dxc4 8. Na3
cxd4 9. Nxc4 Bc5 10. Nxd4 Nb6 11. Nxb6 Bxb6 12. Nb3 Qe7 13. a4 a5 14. Bd2 Nd5
15. Qe1 Qd8 16. e4 Ne7 17. Qe2 O-O 18. Rfd1 Qc7 19. Rac1 Nc6 20. Kh1 e5 21. f4
Be6 22. Qb5 Bxb3 23. Qxb3 Bd4 24. fxe5 Bxe5 25. Be3 Rfe8 26. Bb6 Qe7 27. Bc5
Qe6 28. Qxe6 Rxe6 29. Rb1 Rd8 30. Rxd8+ Nxd8 31. Rd1 Bc7 32. Be3 h6 33. Bf3 Nc6
34. Bf4 Bxf4 35. gxf4 g5 36. fxg5 hxg5 37. Rd5 Re5 38. Kg2 Rxd5 39. exd5 Ne5
40. d6 b6 41. b3 f5 42. Bd5+ Kg7 43. Kg3 Kh7 44. h4 f4+ 45. Kh3 g4+ 46. Kg2 Kg6
47. Be6 Kh5 48. d7 Nc6 49. Bd5 Nd8 50. Kf2 Kxh4 51. Kg2 Kg5 52. Kf2 Kf5 53. Bc4
Ke5 54. Kg2 Kd6 55. Bb5 Ne6 56. Kf2 Ke7 57. Be2 g3+ 58. Kf3 Kxd7 59. Bf1 Kd6
60. Ke4 Kc5 61. Ke5 f3 0-1

[Event "FBL 1"]
[Site "?"]
[Date "2019.02.10"]
[Round "8.6"]
[White "Heinemann, Josefine"]
[Black "Kanakova, Natalie"]
[Result "1/2-1/2"]
[WhiteElo "2329"]
[BlackElo "2203"]
[PlyCount "104"]
[EventDate "2018.10.27"]
[EventType "team-tourn"]
[EventCountry "GER"]
[WhiteTeam "Baden Baden OSG"]
[BlackTeam "Rodewischer Schachmiezen"]
[WhiteTeamCountry "GER"]
[BlackTeamCountry "GER"]

1. e4 c5 2. Nf3 d6 3. d4 cxd4 4. Nxd4 Nf6 5. Nc3 a6 6. f3 e5 7. Nb3 Be6 8. Be3
Nc6 9. Qd2 d5 10. exd5 Nxd5 11. Nxd5 Qxd5 12. Qxd5 Bxd5 13. O-O-O O-O-O 14. c4
Be6 15. Rxd8+ Kxd8 16. Nc5 Bc8 17. Bd3 Kc7 18. Na4 Nd4 19. f4 f6 20. Bf2 Bd7
21. Nc3 Bc6 22. fxe5 fxe5 23. Bg3 Bd6 24. Rf1 Ne6 25. Rf7+ Kb6 26. Ne4 Rd8 27.
Bf2+ Ka5 28. Nxd6 Rxd6 29. Bc2 Nd4 30. Bd1 Rd7 31. Rxd7 Bxd7 32. Kd2 Kb4 33. b3
Bf5 34. Bg3 Nc6 35. Bc2 g6 36. Be1 Ka3 37. Bd1 Kxa2 38. Kc3 a5 39. g4 Be4 40.
h4 Kb1 41. Bg3 Kc1 42. Be2 Bc2 43. Bf1 Kb1 44. g5 Kc1 45. c5 Nd4 46. Bxe5 Nxb3
47. Bd6 a4 48. Kb4 Nd4 49. Bg2 Nc6+ 50. Bxc6 bxc6 51. Ka3 Kd2 52. Bg3 Ke3
1/2-1/2

[Event "FBL 1"]
[Site "?"]
[Date "2019.02.10"]
[Round "8.1"]
[White "Unuk, Laura"]
[Black "Burchardt, Brigitte"]
[Result "1-0"]
[WhiteElo "2263"]
[BlackElo "2168"]
[PlyCount "75"]
[EventDate "2018.10.27"]
[EventType "team-tourn"]
[EventCountry "GER"]
[WhiteTeam "Norderstedt TuRa Harksheide"]
[BlackTeam "Berlin SC Rotation Pankow"]
[WhiteTeamCountry "GER"]
[BlackTeamCountry "GER"]

1. d4 d5 2. c4 e6 3. Nf3 Nf6 4. Nc3 c6 5. e3 Bd6 6. Bd3 Nbd7 7. O-O O-O 8. e4
dxe4 9. Nxe4 Nxe4 10. Bxe4 f5 11. Bc2 e5 12. Bg5 Be7 13. Bxe7 Qxe7 14. Nxe5
Nxe5 15. Re1 Qb4 16. dxe5 Be6 17. b3 Rad8 18. Qc1 a5 19. a3 Qc5 20. Rb1 Kh8 21.
Qf4 Qxa3 22. h4 Qb4 23. Red1 Qc3 24. Rxd8 Rxd8 25. Bxf5 Rf8 26. g4 Bxf5 27.
gxf5 Qd3 28. Ra1 Rxf5 29. Rxa5 h6 30. Qe3 Qxe3 31. fxe3 Kg8 32. Kg2 g5 33. hxg5
hxg5 34. b4 b6 35. Ra6 Rxe5 36. Rxb6 c5 37. Rb5 Kf7 38. Kf3 1-0

[Event "FBL 1"]
[Site "?"]
[Date "2019.02.10"]
[Round "8.2"]
[White "Jahn, Constanze"]
[Black "Antolak, Julia"]
[Result "0-1"]
[WhiteElo "2073"]
[BlackElo "2192"]
[PlyCount "132"]
[EventDate "2018.10.27"]
[EventType "team-tourn"]
[EventCountry "GER"]
[WhiteTeam "Berlin SC Rotation Pankow"]
[BlackTeam "Norderstedt TuRa Harksheide"]
[WhiteTeamCountry "GER"]
[BlackTeamCountry "GER"]

1. e4 c5 2. c3 d5 3. exd5 Qxd5 4. d4 Nc6 5. Nf3 Bf5 6. Be2 cxd4 7. cxd4 Bxb1 8.
Rxb1 e6 9. a3 Be7 10. O-O Bf6 11. Be3 Nge7 12. Qa4 O-O 13. Rfd1 a6 14. b4 Rfd8
15. g4 h6 16. Qc2 Rac8 17. Qd3 b5 18. Rbc1 Qd6 19. Qe4 Ng6 20. Rc5 Nce7 21.
Rdc1 Qd7 22. Ne5 Bxe5 23. dxe5 Nd5 24. Rxc8 Rxc8 25. Rxc8+ Qxc8 26. Qd4 Qc2 27.
Bd3 Qd1+ 28. Bf1 Qb1 29. g5 hxg5 30. Bxg5 Qf5 31. h4 Nxe5 32. Bg2 Nf3+ 33. Bxf3
Qxf3 34. Be3 Qf5 35. Bd2 Qf3 36. Be3 Nxe3 37. fxe3 Qd5 38. Qb6 Qd3 39. Qxa6
Qxe3+ 40. Kg2 Qe2+ 41. Kg3 f5 42. Qc8+ Kh7 43. h5 Qxh5 44. Qxe6 Qg6+ 45. Qxg6+
Kxg6 46. a4 bxa4 47. b5 a3 48. b6 a2 49. b7 a1=Q 50. b8=Q Qg1+ 51. Kf3 Qf1+ 52.
Kg3 f4+ 53. Kh2 Qf2+ 54. Kh1 Qf3+ 55. Kh2 Qh5+ 56. Kg1 Qg5+ 57. Kh1 Kh7 58. Qb7
Qh4+ 59. Kg1 Qg4+ 60. Kh1 f3 61. Qb1+ Qg6 62. Qb2 Qg2+ 63. Qxg2 fxg2+ 64. Kxg2
Kg6 65. Kf3 Kf5 66. Kg3 Kg5 0-1

[Event "FBL 1"]
[Site "?"]
[Date "2019.02.10"]
[Round "8.3"]
[White "Gosciniak, Maria"]
[Black "Wagner Michel, Annett"]
[Result "1-0"]
[WhiteElo "2114"]
[BlackElo "2098"]
[PlyCount "105"]
[EventDate "2018.10.27"]
[EventType "team-tourn"]
[EventCountry "GER"]
[WhiteTeam "Norderstedt TuRa Harksheide"]
[BlackTeam "Berlin SC Rotation Pankow"]
[WhiteTeamCountry "GER"]
[BlackTeamCountry "GER"]

1. e4 c5 2. Nf3 Nc6 3. d4 cxd4 4. Nxd4 Nf6 5. Nc3 d6 6. Bg5 a6 7. Qd2 Bd7 8.
O-O-O e6 9. f4 b5 10. Bxf6 gxf6 11. Kb1 Qb6 12. Nxc6 Bxc6 13. f5 O-O-O 14. Bd3
h5 15. fxe6 fxe6 16. Rhf1 Bg7 17. Qe1 h4 18. Rf4 h3 19. Qg3 hxg2 20. Qxg2 Qe3
21. Rf3 Qh6 22. Rg3 Bf8 23. h3 Bb7 24. Qg1 Qh5 25. Rf1 Rh6 26. Qe3 Qc5 27. Qd2
Qe5 28. Qf2 Qc5 29. Qe1 Bc6 30. Ne2 e5 31. Nc1 d5 32. exd5 Bxd5 33. Bf5+ Kb8
34. Qa5 Qd6 35. Rd3 Rh4 36. Rfd1 Ra4 37. Qd2 Rd4 38. Qa5 Ra4 39. Qd2 Rd4 40.
Rxd4 exd4 41. h4 Be7 42. Qf2 Qc5 43. h5 Bf8 44. h6 Qc7 45. h7 Bc5 46. Qh4 Qg7
47. Nd3 Bb6 48. Nb4 Bb7 49. Qh2+ Bc7 50. Rg1 Qh8 51. Qe2 Re8 52. Qxe8+ Qxe8 53.
Rg8 1-0

[Event "FBL 1"]
[Site "?"]
[Date "2019.02.10"]
[Round "8.4"]
[White "Goehler, Antje"]
[Black "Brandt, Carina"]
[Result "1-0"]
[WhiteElo "2084"]
[BlackElo "2091"]
[PlyCount "63"]
[EventDate "2018.10.27"]
[EventType "team-tourn"]
[EventCountry "GER"]
[WhiteTeam "Berlin SC Rotation Pankow"]
[BlackTeam "Norderstedt TuRa Harksheide"]
[WhiteTeamCountry "GER"]
[BlackTeamCountry "GER"]

1. d4 Nf6 2. Nf3 g6 3. c4 Bg7 4. Nc3 O-O 5. e4 d6 6. Be2 e5 7. dxe5 dxe5 8.
Qxd8 Rxd8 9. Bg5 c6 10. O-O Nbd7 11. Rad1 Re8 12. b4 Bf8 13. c5 a5 14. a3 Nh5
15. Nd2 Nf4 16. Nc4 axb4 17. axb4 Ne6 18. Be3 f5 19. exf5 gxf5 20. Bh5 Re7 21.
f4 Nf6 22. Be2 e4 23. Nb6 Rb8 24. Bc4 Kf7 25. Rd8 Re8 26. Rxe8 Nxe8 27. Nxe4
fxe4 28. f5 Ke7 29. fxe6 Nf6 30. Bf4 Bxe6 31. Bd6+ Kf7 32. Bxb8 1-0

[Event "FBL 1"]
[Site "?"]
[Date "2019.02.10"]
[Round "8.5"]
[White "Waechter, Nathalie"]
[Black "Heyme, Sibylle"]
[Result "0-1"]
[WhiteElo "2051"]
[BlackElo "2045"]
[PlyCount "70"]
[EventDate "2018.10.27"]
[EventType "team-tourn"]
[EventCountry "GER"]
[WhiteTeam "Norderstedt TuRa Harksheide"]
[BlackTeam "Berlin SC Rotation Pankow"]
[WhiteTeamCountry "GER"]
[BlackTeamCountry "GER"]

1. d4 Nf6 2. c4 g6 3. Nc3 Bg7 4. e4 d6 5. g3 O-O 6. Bg2 Nbd7 7. Nge2 e5 8. d5
Nh5 9. O-O f5 10. f4 exf4 11. Nxf4 Nxf4 12. Bxf4 Ne5 13. Qb3 Rb8 14. Nb5 Bd7
15. Nxa7 Ng4 16. Rad1 g5 17. Bc1 fxe4 18. Bxe4 Rxf1+ 19. Kxf1 Qf6+ 20. Bf3
Nxh2+ 21. Kg2 Qh6 22. Bxg5 Qh3+ 23. Kf2 Rf8 24. Bf4 Bd4+ 25. Rxd4 Qf1+ 26. Ke3
Qxf3+ 27. Kd2 Qf2+ 28. Kc3 Nf3 29. Rd3 Ne1 30. Be3 Qf3 31. Kd2 Nxd3 32. Qxd3
Qxg3 33. Qd4 Rf3 34. Qe4 Qg2+ 35. Kd3 Bf5 0-1

[Event "FBL 1"]
[Site "?"]
[Date "2019.02.10"]
[Round "8.6"]
[White "Wolf, Sylvia"]
[Black "Koehler, Inken"]
[Result "1/2-1/2"]
[WhiteElo "2002"]
[BlackElo "1991"]
[PlyCount "110"]
[EventDate "2018.10.27"]
[EventType "team-tourn"]
[EventCountry "GER"]
[WhiteTeam "Berlin SC Rotation Pankow"]
[BlackTeam "Norderstedt TuRa Harksheide"]
[WhiteTeamCountry "GER"]
[BlackTeamCountry "GER"]

1. e4 c5 2. Nc3 Nc6 3. g3 g6 4. Bg2 Bg7 5. Nge2 e6 6. d3 Nge7 7. Be3 Nd4 8. Qd2
O-O 9. O-O d6 10. Nd1 Nxe2+ 11. Qxe2 Qc7 12. Qd2 Rd8 13. Bg5 d5 14. Qe2 d4 15.
Bxe7 Qxe7 16. f4 Bd7 17. e5 Bb5 18. Nf2 Rac8 19. b3 Bc6 20. Bxc6 Rxc6 21. g4 g5
22. fxg5 Qxg5 23. Rae1 Rd5 24. Ne4 Qxe5 25. Qf3 Qc7 26. Qh3 Qe7 27. g5 Rxg5+
28. Nxg5 Qxg5+ 29. Qg3 Qxg3+ 30. hxg3 e5 31. Rf5 Rg6 32. Kg2 Ra6 33. a4 Re6 34.
g4 Rg6 35. Kg3 f6 36. Ref1 b6 37. R1f3 Kh8 38. Rf2 Kg8 39. Kf3 Bh6 40. Rh5 Bf4
41. Rg2 h6 42. Ke4 Kf7 43. Rh1 Ke6 44. Rhg1 Be3 45. Rh1 Rg7 46. Rh5 Rg8 47. Kf3
Bg5 48. Rgh2 Rh8 49. Ke4 Bf4 50. Rh1 Rg8 51. Kf3 Rg6 52. R1h3 Kd5 53. Rh1 a6
54. Ra1 a5 55. Rah1 Bg5 1/2-1/2

[Event "FBL 1"]
[Site "?"]
[Date "2019.02.10"]
[Round "8.1"]
[White "Gaponenko, Inna"]
[Black "Bluhm, Sonja Maria"]
[Result "1-0"]
[WhiteElo "2424"]
[BlackElo "2231"]
[PlyCount "103"]
[EventDate "2018.10.27"]
[EventType "team-tourn"]
[EventCountry "GER"]
[WhiteTeam "Deizisau SF"]
[BlackTeam "Hofheim SV"]
[WhiteTeamCountry "GER"]
[BlackTeamCountry "GER"]

1. e4 e5 2. Nf3 Nc6 3. d4 exd4 4. Nxd4 Nf6 5. Nxc6 bxc6 6. e5 Qe7 7. Qe2 Nd5 8.
c4 Ba6 9. b3 g6 10. g3 Bg7 11. Bb2 O-O 12. Bg2 Rae8 13. O-O Bxe5 14. Qxe5 Qxe5
15. Bxe5 Rxe5 16. cxd5 Bxf1 17. Kxf1 cxd5 18. Nc3 c6 19. Na4 Rfe8 20. Bf3 f5
21. Nc5 R5e7 22. Rc1 Kg7 23. Nd3 Rb8 24. Rc5 Rb6 25. Be2 Kf6 26. Ke1 d6 27. Rc2
g5 28. Kd2 Ke6 29. Rc1 Kd7 30. Ne1 h6 31. Bd3 Rf7 32. Nc2 f4 33. g4 Re7 34. h4
c5 35. hxg5 hxg5 36. Bf5+ Kc7 37. Nd4 Rb8 38. Ne6+ Kb6 39. Nxg5 Rbe8 40. Bd3
Rg8 41. Nh7 Rxg4 42. Nf6 Rg5 43. Rg1 Rge5 44. Rg4 f3 45. Rf4 Kc6 46. Rxf3 Re1
47. a4 d4 48. Bb5+ Kb7 49. Nd5 R7e5 50. Rf7+ Kb8 51. Bc6 R1e2+ 52. Kd3 1-0

[Event "FBL 1"]
[Site "?"]
[Date "2019.02.10"]
[Round "8.3"]
[White "Koepke, Elena"]
[Black "Mar, Karmen"]
[Result "1-0"]
[WhiteElo "2296"]
[BlackElo "2041"]
[PlyCount "119"]
[EventDate "2018.10.27"]
[EventType "team-tourn"]
[EventCountry "GER"]
[WhiteTeam "Deizisau SF"]
[BlackTeam "Hofheim SV"]
[WhiteTeamCountry "GER"]
[BlackTeamCountry "GER"]

1. e4 c5 2. Nf3 d6 3. Bb5+ Nd7 4. O-O a6 5. Bd3 Ngf6 6. c3 b5 7. Bc2 Bb7 8. Re1
c4 9. b3 e6 10. bxc4 bxc4 11. Na3 Rc8 12. Rb1 Ba8 13. Qe2 d5 14. exd5 Bxd5 15.
Ba4 Qa5 16. Bxd7+ Nxd7 17. Nc2 Qxa2 18. Rb2 Qa5 19. Ne5 Nf6 20. Ne3 Qc7 21.
Nxd5 Nxd5 22. Qf3 Bd6 23. Nxf7 O-O 24. Rxe6 Ba3 25. Nh6+ Kh8 26. Qxd5 Qf4 27.
f3 Bxb2 28. Bxb2 gxh6 29. Ba3 Rcd8 30. Bd6 Qf7 31. Qd4+ Kg8 32. Qg4+ Qg7 33.
Qxg7+ Kxg7 34. Bxf8+ Kxf8 35. Rxa6 Rxd2 36. Rc6 Rc2 37. Rxc4 Kg7 38. h4 h5 39.
Kh2 Kg6 40. Kg3 Kf5 41. Rc5+ Kg6 42. Rc8 Kf5 43. c4 Rc1 44. Rc7 Kg6 45. c5 Rc2
46. c6 Rc4 47. Rc8 Kg7 48. c7 Kh6 49. f4 Rc3+ 50. Kf2 Rc4 51. Ke3 Rc1 52. Ke4
Re1+ 53. Kf5 Rc1 54. Ke6 Re1+ 55. Kd7 Rd1+ 56. Ke7 Re1+ 57. Kf8 Re4 58. Rd8
Rxf4+ 59. Kg8 Rg4+ 60. Kh8 1-0

[Event "FBL 1"]
[Site "?"]
[Date "2019.02.10"]
[Round "8.5"]
[White "Gheng, Simona"]
[Black "Roessler, Ulrike"]
[Result "1/2-1/2"]
[WhiteElo "1989"]
[BlackElo "2119"]
[PlyCount "49"]
[EventDate "2018.10.27"]
[EventType "team-tourn"]
[EventCountry "GER"]
[WhiteTeam "Deizisau SF"]
[BlackTeam "Hofheim SV"]
[WhiteTeamCountry "GER"]
[BlackTeamCountry "GER"]

1. e4 d6 2. d4 Nf6 3. Nd2 g6 4. Ngf3 Bg7 5. Bc4 c6 6. Bb3 O-O 7. O-O b5 8. c3
Nbd7 9. Re1 Nb6 10. Nf1 Bg4 11. h3 Bxf3 12. Qxf3 d5 13. Ng3 a5 14. a4 Qd7 15.
Bg5 bxa4 16. Bxa4 Nxa4 17. Rxa4 Qb7 18. e5 Ne8 19. Rea1 h6 20. Bc1 Nc7 21. Rxa5
Rxa5 22. Rxa5 Ra8 23. Rxa8+ Qxa8 24. Ne2 Qa1 25. Qd3 1/2-1/2

[Event "FBL 1"]
[Site "?"]
[Date "2019.02.10"]
[Round "8.6"]
[White "Kushka, Alena"]
[Black "Noppes, Marina"]
[Result "1/2-1/2"]
[WhiteElo "2167"]
[BlackElo "1978"]
[PlyCount "34"]
[EventDate "2018.10.27"]
[EventType "team-tourn"]
[EventCountry "GER"]
[WhiteTeam "Hofheim SV"]
[BlackTeam "Deizisau SF"]
[WhiteTeamCountry "GER"]
[BlackTeamCountry "GER"]

1. d4 Nf6 2. c4 e6 3. Nc3 c5 4. d5 exd5 5. cxd5 d6 6. e4 g6 7. Be2 Bg7 8. Nf3
Bg4 9. Nd2 Bxe2 10. Qxe2 O-O 11. O-O Re8 12. f4 Na6 13. Qf3 Nb4 14. a4 Nc2 15.
Ra2 Nb4 16. Ra1 Nc2 17. Ra2 Nb4 1/2-1/2

[Event "FBL 1"]
[Site "?"]
[Date "2019.02.10"]
[Round "8.1"]
[White "Hoolt, Sarah"]
[Black "Sieber, Fiona"]
[Result "0-1"]
[WhiteElo "2350"]
[BlackElo "2323"]
[PlyCount "100"]
[EventDate "2018.10.27"]
[EventType "team-tourn"]
[EventCountry "GER"]
[WhiteTeam "Hamburger SK"]
[BlackTeam "Lehrte SK"]
[WhiteTeamCountry "GER"]
[BlackTeamCountry "GER"]

1. e4 c5 2. Nf3 d6 3. d4 cxd4 4. Nxd4 Nf6 5. Nc3 a6 6. Be2 e6 7. Be3 Qc7 8. a4
Nc6 9. f4 Be7 10. Nb3 b6 11. O-O O-O 12. Bf3 Rb8 13. Qe1 Nb4 14. Rc1 Re8 15.
Ne2 a5 16. Ned4 e5 17. Nb5 Qb7 18. Nd2 Bg4 19. fxe5 dxe5 20. Nc4 Bxf3 21. gxf3
Qc6 22. Nxe5 Qe6 23. Nd3 Rbc8 24. Nd4 Qd7 25. Nxb4 Bxb4 26. c3 Bd6 27. Nf5 Bc5
28. Bxc5 Rxc5 29. Qg3 g6 30. Qg5 Nh5 31. Rcd1 Qc7 32. Qg4 Kh8 33. Nd6 Re6 34.
Nb5 Qe5 35. Rd8+ Kg7 36. Rfd1 Nf4 37. Nd4 Rf6 38. Nf5+ Rxf5 39. exf5 Qe3+ 40.
Kh1 Rxf5 41. R8d4 h5 42. Re4 Qf2 43. Qg3 Nd3 44. Rd4 Rg5 45. Qxg5 Qxf3+ 46. Kg1
Qxd1+ 47. Kg2 Qe2+ 48. Kg3 Ne1 49. Qd5 Qe3+ 50. Kh4 Nf3+ 0-1

[Event "FBL 1"]
[Site "?"]
[Date "2019.02.10"]
[Round "8.2"]
[White "Hapala, Elisabeth"]
[Black "Osmanodja, Filiz"]
[Result "1-0"]
[WhiteElo "2136"]
[BlackElo "2346"]
[PlyCount "89"]
[EventDate "2018.10.27"]
[EventType "team-tourn"]
[EventCountry "GER"]
[WhiteTeam "Lehrte SK"]
[BlackTeam "Hamburger SK"]
[WhiteTeamCountry "GER"]
[BlackTeamCountry "GER"]

1. e4 e5 2. Nf3 Nc6 3. Bb5 a6 4. Ba4 Nf6 5. O-O b5 6. Bb3 Be7 7. Re1 d6 8. c3
O-O 9. h3 Nb8 10. d4 Nbd7 11. Nbd2 Bb7 12. Bc2 Re8 13. Nf1 Bf8 14. Ng3 g6 15.
a4 Bg7 16. Bd3 c6 17. Be3 Qc7 18. b4 exd4 19. cxd4 Nb6 20. axb5 axb5 21. Rxa8
Rxa8 22. Qc2 Qd8 23. Bg5 Qf8 24. h4 d5 25. e5 Ng4 26. h5 Nc4 27. hxg6 hxg6 28.
e6 fxe6 29. Bxg6 Bh6 30. Bh5 Nf6 31. Qg6+ Bg7 32. Rxe6 Nxh5 33. Nxh5 Qf7 34.
Qxf7+ Kxf7 35. Re7+ Kf8 36. Nxg7 Bc8 37. Bf6 Nd6 38. Rc7 Ne4 39. Be5 Bg4 40.
Nh4 Ra1+ 41. Kh2 Nxf2 42. Ng6+ Kg8 43. Nf5 Rh1+ 44. Kg3 Rh7 45. Nh6+ 1-0

[Event "FBL 1"]
[Site "?"]
[Date "2019.02.10"]
[Round "8.3"]
[White "Fuchs, Judith"]
[Black "Schulze, Lara"]
[Result "1-0"]
[WhiteElo "2256"]
[BlackElo "2219"]
[PlyCount "73"]
[EventDate "2018.10.27"]
[EventType "team-tourn"]
[EventCountry "GER"]
[WhiteTeam "Hamburger SK"]
[BlackTeam "Lehrte SK"]
[WhiteTeamCountry "GER"]
[BlackTeamCountry "GER"]

1. d4 Nf6 2. Nf3 e6 3. Bf4 d5 4. e3 c5 5. c3 Nc6 6. Nbd2 Bd6 7. Bg3 O-O 8. Bd3
b6 9. Qe2 Bb7 10. Rd1 c4 11. Bb1 b5 12. e4 Be7 13. e5 Nh5 14. Nf1 g6 15. Ne3 b4
16. Ng4 a5 17. Qd2 a4 18. h4 Nxg3 19. fxg3 f5 20. exf6 Bxf6 21. h5 g5 22. Nxf6+
Qxf6 23. Nxg5 e5 24. Nxh7 Qe7 25. Nxf8 exd4+ 26. Qe2 Qxe2+ 27. Kxe2 d3+ 28. Kd2
Rxf8 29. Rhf1 Rb8 30. Rf5 d4 31. Rg5+ Kh7 32. Rb5 dxc3+ 33. bxc3 b3 34. axb3
axb3 35. Re1 Ba6 36. Rxb8 Nxb8 37. Re6 1-0

[Event "FBL 1"]
[Site "?"]
[Date "2019.02.10"]
[Round "8.4"]
[White "Manusina, Nicole"]
[Black "Baciu, Diana"]
[Result "0-1"]
[WhiteElo "1988"]
[BlackElo "2275"]
[PlyCount "194"]
[EventDate "2018.10.27"]
[EventType "team-tourn"]
[EventCountry "GER"]
[WhiteTeam "Lehrte SK"]
[BlackTeam "Hamburger SK"]
[WhiteTeamCountry "GER"]
[BlackTeamCountry "GER"]

1. d4 d5 2. c4 e6 3. Nc3 Bb4 4. Nf3 Nf6 5. Bg5 h6 6. Bxf6 Qxf6 7. Qb3 c5 8.
cxd5 exd5 9. e3 Nc6 10. Bb5 O-O 11. dxc5 d4 12. Bxc6 dxc3 13. Qxb4 cxb2 14. Rb1
bxc6 15. Qxb2 Qf5 16. O-O Qxc5 17. Rfc1 Qd5 18. Qa3 Be6 19. Rb2 Rfb8 20. Rbc2
c5 21. Rxc5 Qxa2 22. Qxa2 Bxa2 23. Ra5 Rb1 24. Rxb1 Bxb1 25. h3 a6 26. Nd4 Kf8
27. Nc6 Bd3 28. Nb4 Bb5 29. f3 Ke7 30. Kf2 Kd6 31. e4 Kc5 32. Nd5 Ra7 33. Ke3
Kc4 34. Ra3 Kc5 35. Ra5 f6 36. Ra1 a5 37. Rc1+ Bc4 38. Kf4 Kd4 39. Rd1+ Kc5 40.
Rc1 Kd4 41. Rd1+ Bd3 42. Kf5 Kc4 43. Rc1+ Kb5 44. Kf4 Bc4 45. Rb1+ Kc5 46. Rc1
Rb7 47. Ra1 Kb5 48. Rb1+ Ka6 49. Rd1 Bb3 50. Ra1 Rd7 51. Nc3 Rd3 52. Ne2 Bc4
53. Ng3 Kb5 54. Nf5 Rd7 55. Ne3 Bb3 56. Nf5 a4 57. Ke3 Kb4 58. Nd4 Kc3 59. Nb5+
Kb2 60. Re1 Bc4 61. Nd4 a3 62. Rd1 a2 63. Rd2+ Kc1 64. Ne2+ Bxe2 65. Rxa2 Bc4
66. Ra5 Kd1 67. h4 Rd3+ 68. Kf4 Rd7 69. Ke3 Kc2 70. Kf4 Bf1 71. g4 Be2 72. Ra2+
Kd3 73. Ra3+ Kd4 74. Ra2 Bc4 75. Rd2+ Bd3 76. Ra2 Re7 77. Ra4+ Bc4 78. g5 fxg5+
79. hxg5 Rf7+ 80. Kg4 hxg5 81. e5 Kd5 82. e6 Re7 83. Kxg5 Rxe6 84. f4 Bd3 85.
Ra5+ Kd4 86. Ra4+ Ke3 87. Ra3 Rg6+ 88. Kh5 Rg3 89. Ra4 Be4 90. Ra3+ Kxf4 91.
Rxg3 Kxg3 92. Kg5 Kf3 93. Kh4 Kf4 94. Kh3 g5 95. Kh2 g4 96. Kg1 Kg3 97. Kf1 Kh2
0-1

[Event "FBL 1"]
[Site "?"]
[Date "2019.02.10"]
[Round "8.5"]
[White "Zahn, Alina"]
[Black "Zschischang, Marine"]
[Result "1/2-1/2"]
[WhiteElo "2110"]
[BlackElo "2068"]
[PlyCount "38"]
[EventDate "2018.10.27"]
[EventType "team-tourn"]
[EventCountry "GER"]
[WhiteTeam "Hamburger SK"]
[BlackTeam "Lehrte SK"]
[WhiteTeamCountry "GER"]
[BlackTeamCountry "GER"]

1. e4 e6 2. d4 d5 3. Bd3 c5 4. exd5 exd5 5. Nf3 c4 6. Be2 Nf6 7. O-O Bd6 8. b3
cxb3 9. axb3 O-O 10. Nc3 Bd7 11. Bg5 Bc6 12. Nb5 Bxb5 13. Bxb5 Qb6 14. Bxf6
Qxb5 15. Nh4 Qd7 16. Be5 Nc6 17. Re1 Rfe8 18. Nf3 Bb4 19. Re3 f6 1/2-1/2

[Event "FBL 1"]
[Site "?"]
[Date "2019.02.10"]
[Round "8.6"]
[White "Markgraf, Claudia"]
[Black "Schmidt, Jade"]
[Result "1-0"]
[WhiteElo "1996"]
[BlackElo "2057"]
[PlyCount "183"]
[EventDate "2018.10.27"]
[EventType "team-tourn"]
[EventCountry "GER"]
[WhiteTeam "Lehrte SK"]
[BlackTeam "Hamburger SK"]
[WhiteTeamCountry "GER"]
[BlackTeamCountry "GER"]

1. e4 c5 2. Nc3 e6 3. g3 d5 4. d3 d4 5. Nce2 Nc6 6. Bg2 e5 7. f4 Bd6 8. Nf3
Nge7 9. O-O f6 10. Bd2 Bg4 11. Nh4 Qd7 12. Qe1 exf4 13. gxf4 O-O-O 14. Ng3 Be6
15. Nf3 Bc7 16. e5 f5 17. Ng5 Bg8 18. Qe2 h6 19. Nf3 Be6 20. Rae1 Rdg8 21. a3
Nd5 22. Nh4 g6 23. c4 Nde7 24. b4 g5 25. Nf3 g4 26. Nh4 h5 27. bxc5 Rh6 28. Rb1
Rf8 29. Rb2 Nd8 30. Rfb1 Nec6 31. a4 Qe7 32. Bd5 Qxh4 33. Rxb7 Qe7 34. R7b5 h4
35. Nf1 a6 36. R5b3 Qxc5 37. Qg2 Rg8 38. Bxe6+ Rxe6 39. Qd5 Qe7 40. Bb4 Nxb4
41. Rxb4 Nc6 42. Rb7 Rd8 43. Qg2 Qc5 44. Qb2 Na5 45. Rb4 Kd7 46. Qf2 Rh8 47.
Nd2 Ke7 48. Qg2 Rd8 49. h3 Rg6 50. Nf3 Rh8 51. Ng5 g3 52. Qd5 Qxd5 53. cxd5 Kd7
54. d6 Bxd6 55. exd6 Rc8 56. Nf3 Rxd6 57. Nxh4 Ke6 58. Re1+ Kf6 59. Re5 Nc6 60.
Rxf5+ Ke6 61. Rb1 Rh8 62. Re1+ Kd7 63. Rf7+ Kd8 64. Nf5 Rd5 65. Kg2 Rc5 66. Re4
Rc2+ 67. Kxg3 Rc3 68. Kg4 Rxd3 69. h4 Rd1 70. Rb7 Rg8+ 71. Kf3 Rgg1 72. Rb2 d3
73. Ne3 Ra1 74. Rd2 Ra3 75. Nd1 Rh1 76. Nf2 Rxh4 77. Rxd3+ Rxd3+ 78. Nxd3 Kc7
79. Ne5 Nd8 80. f5 Rh7 81. Kf4 Kb6 82. Ng6 Ka5 83. Ke5 Rb7 84. f6 Nf7+ 85. Kd5
Ng5 86. Rg4 Nh7 87. Rf4 Ng5 88. Ne7 Rd7+ 89. Kc6 Rc7+ 90. Kxc7 Ne6+ 91. Kd6
Nxf4 92. f7 1-0

[Event "FBL 1"]
[Site "?"]
[Date "2019.02.10"]
[Round "8.1"]
[White "Santeramo, Alessia"]
[Black "Georgescu, Lena"]
[Result "0-1"]
[WhiteElo "2069"]
[BlackElo "2165"]
[PlyCount "96"]
[EventDate "2018.10.27"]
[EventType "team-tourn"]
[EventCountry "GER"]
[WhiteTeam "Muenchen FC Bayern"]
[BlackTeam "Karlsruher SF"]
[WhiteTeamCountry "GER"]
[BlackTeamCountry "GER"]

1. e4 e5 2. Nf3 Nc6 3. Bb5 g6 4. Nc3 Bg7 5. d3 Nge7 6. h4 Nd4 7. Nxd4 exd4 8.
Ne2 c6 9. Bc4 d5 10. Bb3 a5 11. a4 h5 12. Bg5 O-O 13. Qd2 Re8 14. Qf4 Be6 15.
Bf6 Bxf6 16. Qxf6 c5 17. Nf4 Nc6 18. Qxd8 Raxd8 19. Nxe6 fxe6 20. f4 c4 21.
dxc4 dxe4 22. c5 Kg7 23. O-O Kf6 24. Rae1 Kf5 25. Rf2 d3 26. cxd3 exd3 27. Rd1
Rd4 28. Rfd2 Nb4 29. g3 Re4 30. Kf2 e5 31. fxe5 R8xe5 32. Rf1 Rxc5 33. Kg2+ Ke5
34. Rf7 Kd4 35. Rxb7 Rf5 36. Rf2 Rxf2+ 37. Kxf2 Re2+ 38. Kf3 Rxb2 39. Rd7+ Kc3
40. Bf7 Rb1 41. Bxg6 Rf1+ 42. Kg2 Re1 43. Bxh5 d2 44. Bf3 Nd3 45. Rc7+ Kb4 46.
h5 Ne5 47. h6 Nxf3 48. h7 d1=Q 0-1

[Event "FBL 1"]
[Site "?"]
[Date "2019.02.10"]
[Round "8.3"]
[White "Mayrhuber, Nikola"]
[Black "Schmidt, Jessica"]
[Result "1/2-1/2"]
[WhiteElo "1978"]
[BlackElo "2245"]
[PlyCount "101"]
[EventDate "2018.10.27"]
[EventType "team-tourn"]
[EventCountry "GER"]
[WhiteTeam "Muenchen FC Bayern"]
[BlackTeam "Karlsruher SF"]
[WhiteTeamCountry "GER"]
[BlackTeamCountry "GER"]

1. d4 d5 2. Nf3 Nf6 3. c4 e6 4. g3 Be7 5. Bg2 O-O 6. O-O Nbd7 7. Bf4 c6 8. Qc2
Re8 9. b3 Nf8 10. Rd1 Ng6 11. Ne5 Bd6 12. Nc3 Nxf4 13. gxf4 Qe7 14. e3 Bb4 15.
Ne2 Bd7 16. Ng3 Rad8 17. c5 Ba5 18. Kh1 Bc7 19. Bf3 Kh8 20. Rg1 Rg8 21. Nh5
Nxh5 22. Bxh5 Bxe5 23. fxe5 g6 24. Be2 f6 25. exf6 Qxf6 26. f4 g5 27. Bd3 Rg7
28. Raf1 gxf4 29. Rxg7 Qxg7 30. Rxf4 e5 31. dxe5 Rg8 32. Qf2 Bh3 33. Bf1 Bxf1
34. Qxf1 Qxe5 35. Rf3 b6 36. cxb6 axb6 37. Rg3 Rxg3 38. hxg3 Kg7 39. Qa6 Qc7
40. Kg2 c5 41. Qd3 Qe5 42. Qb5 Qe4+ 43. Kf2 Qe6 44. Qd3 Kh6 45. Qb5 Kg5 46. Qa6
Qf5+ 47. Ke2 Qe6 48. Qb7 Qg4+ 49. Kd2 Qb4+ 50. Ke2 Qg4+ 51. Kd2 1/2-1/2